000 00667nam a2200253 a 4500
001 nice12345678
003 IN_TiNIC
005 20260116011253.0
008 050524s1967 cama grp 000 0 eng
020 _a
_c3859.2
082 0 0 _a266.00954
_bPOT
100 _aPotts, E Daniel
245 _aBritish Baptist Missionaries in India, 1793-1837.
260 _aCambridge
_bCambridge University Press
_c1967
300 _a276p
500 _aincludes index and biblioraphy
505 2 _aBibliography, Index
650 _aMissions-India
650 _aSeminaries-India-serampore
700 1 _aPotts, E Daniel
902 _bSRS
942 _cBK
999 _c40
_d40